00706nam a2200169Ia 4500003000900000008004100009020001800050040001600068080002300084111006300107245023100170260003400401300001300435500002600448650004100474700002100515IN-BaIIA211028s9999 xx 000 0 eng d a3-540-06314-5 cIIA Library a523.98(082.2)bXAM aEuropean Astronomical Meetingn1stcAthensd1972 Sept. 4-9 0aSolar activity and related interplanetary and terrestrial phenomenabvol. 1, proceedings of the First European Astronomical Meeting Athens, September 4-9, 1972cedited by J. Xanthakis  aBerlinbSpringer-Verlagc1973 axv,195p. aDonated by Mrs. Bappu aAstronomy and Astrophysics Thesaurus aXanthakis, J. ed